[Event "BUL-FRA m"]
[Site "Sofia"]
[Date "1990.??.??"]
[Round "12"]
[White "Semkov, Semko"]
[Black "Boudy, Julio"]
[Result "1/2-1/2"]
[WhiteElo "2450"]
[BlackElo "2305"]

1.d4 d5 2.c4 c6 3.Nc3 Nf6 4.e3 e6 5.Nf3 Nbd7 6.Bd3 dxc4 7.Bxc4 b5 8.Be2 Bb7
9.O-O a6 10.e4 c5 11.e5 Nd5 12.a4 Nxc3 13.bxc3 b4 14.cxb4 cxb4 15.a5 Be7
16.Qa4 O-O 17.Bd2 Rb8 18.Rfd1 Re8 19.Ne1 Nf8 20.Be3 Ng6 21.Rab1 Be4 22.Rb2 Bg5
23.Bf3 Bxf3 24.Nxf3 Be7 25.d5  1/2-1/2

[Event "Stara Zagora zt-A"]
[Site "Stara Zagora"]
[Date "1990.??.??"]
[Round "4"]
[White "Gruenberg, Hans Ulrich"]
[Black "Lukacs, Peter"]
[Result "1/2-1/2"]
[WhiteElo "2470"]
[BlackElo "2505"]

1.d4 d5 2.c4 e6 3.Nc3 c6 4.e3 Nf6 5.Nf3 Nbd7 6.Bd3 dxc4 7.Bxc4 b5 8.Bd3 Bb7
9.e4 b4 10.Na4 c5 11.e5 Nd5 12.Nxc5 Nxc5 13.dxc5 Bxc5 14.O-O h6 15.Qe2 Qb6
16.Bd2 Ke7 17.Rac1 Rhc8 18.Qe4 a5 19.Qg4 Kf8 20.h4  1/2-1/2

[Event "Stara Zagora zt-A"]
[Site "Stara Zagora"]
[Date "1990.??.??"]
[Round "6"]
[White "Gruenberg, Hans Ulrich"]
[Black "Kuczynski, Robert"]
[Result "1/2-1/2"]
[WhiteElo "2470"]
[BlackElo "2460"]

1.d4 d5 2.c4 c6 3.Nc3 Nf6 4.e3 e6 5.Nf3 Nbd7 6.Bd3 dxc4 7.Bxc4 b5 8.Be2 Bb7
9.O-O Be7 10.a3 a5 11.Qc2 O-O 12.Rd1 Qb8 13.e4 b4 14.Na4 c5 15.e5 Be4 16.Bd3 Bxd3
17.Qxd3  1/2-1/2

[Event "Stara Zagora zt-B"]
[Site "Stara Zagora"]
[Date "1990.??.??"]
[Round "12"]
[White "Marin, Mihail"]
[Black "Knaak, Rainer"]
[Result "1-0"]
[WhiteElo "2485"]
[BlackElo "2500"]

1.Nf3 d5 2.c4 e6 3.d4 c6 4.e3 Nf6 5.Nc3 Nbd7 6.Bd3 dxc4 7.Bxc4 b5 8.Bd3 a6
9.e4 c5 10.d5 c4 11.dxe6 fxe6 12.Bc2 Qc7 13.O-O Bc5 14.Qe2 Ne5 15.Nxe5 Qxe5
16.Be3 Bxe3 17.Qxe3 O-O 18.Rad1 Ng4 19.Qg3 Qxg3 20.hxg3 Ra7 21.Rd2 g5 22.f3 Ne5
23.Kf2 Bd7 24.Rc1 b4 25.Nd1 Bb5 26.Ne3 Rd7 27.Rdd1 Nd3+ 28.Rxd3 cxd3 29.Bb3 Re8
30.Rc5 h6 31.Ke1 Kg7 32.Kd2 Kg6 33.Re5 Rde7 34.f4 Bd7 35.Bc4 a5 36.Rxa5 gxf4
37.gxf4 e5 38.Ra6+ Kh5 39.f5 Rg7 40.f6 Rh7 41.f7 Rf8 42.Ra5 Rhxf7 43.Rxe5+ Kh4
44.Bxf7 Rxf7 45.Nf5+ Bxf5 46.exf5 Kg3 47.Kxd3 Kxg2 48.Ke4 h5 49.f6 Rxf6 50.Rxh5 Rf2
51.Rg5+ Kh3 52.b3 Rxa2 53.Kd3 Kh4 54.Rb5 Kg4 55.Kc4 Kf4 56.Kxb4 Ke4 57.Rh5 Ra8
58.Kc4 Rc8+ 59.Rc5  1-0

[Event "Tatran Cup"]
[Site "Stary Smokovec"]
[Date "1990.??.??"]
[Round "8"]
[White "Horvath, Jozsef"]
[Black "Smagin, Sergey"]
[Result "1-0"]
[WhiteElo "2540"]
[BlackElo "2550"]

1.d4 Nf6 2.c4 c6 3.Nc3 d5 4.e3 e6 5.Nf3 Nbd7 6.Qc2 Bd6 7.Be2 O-O 8.O-O dxc4
9.Bxc4 b5 10.Bd3 Qc7 11.e4 e5 12.Ne2 exd4 13.Nexd4 Bb7 14.Nf5 c5 15.Qd2 Be5
16.Qg5 Nxe4 17.Qg4 g6 18.Bxe4 Nf6 19.Qg5 Nxe4 20.Ne7+ Kg7 21.Qxe5+ Qxe5 22.Nxe5 Rfe8
23.N5c6 a5 24.f3 Nd6 25.Bf4 Nc4 26.b3 Na3 27.Rad1 c4 28.Be5+ Kh6 29.Rd6 b4
30.g4 Nb5 31.Nf5+  1-0

[Event "Tel Aviv"]
[Site "Tel Aviv"]
[Date "1990.??.??"]
[Round "?"]
[White "Lev, Ronen"]
[Black "Tal, Mihail"]
[Result "1/2-1/2"]
[WhiteElo "2480"]
[BlackElo "2580"]

1.d4 e6 2.c4 d5 3.Nc3 c6 4.Nf3 Nf6 5.e3 Nbd7 6.Qc2 Bd6 7.Be2 O-O 8.O-O Qe7
9.Bd2 a6 10.e4 dxe4 11.Nxe4 Nxe4 12.Qxe4 e5 13.Bg5 Qe6 14.c5 Bc7 15.Rac1 Qg6
16.Qxg6 hxg6 17.Bc4 exd4 18.Rfe1 Nxc5 19.Be7 Ne6 20.Bxf8 Kxf8 21.a3 a5 22.Re4 Bd7
23.Nxd4 Ng5 24.Ree1 Bb6 25.Nc2 Bf5 26.Ne3 Bd4 27.Nxf5 gxf5 28.Rc2 a4 29.Kf1 Ne4
30.Rd1 c5 31.Bd5 Nd6 32.Rcd2 Rd8 33.Rxd4  1/2-1/2

[Event "Ter Apel"]
[Site "Ter Apel"]
[Date "1990.??.??"]
[Round "1"]
[White "Van der Sterren, Paul"]
[Black "Bagirov, Vladimir"]
[Result "0-1"]
[WhiteElo "2515"]
[BlackElo "2470"]

1.d4 d5 2.c4 c6 3.Nf3 Nf6 4.Nc3 e6 5.e3 Nbd7 6.Bd2 dxc4 7.Bxc4 b5 8.Bd3 Bb7
9.O-O b4 10.Ne4 Be7 11.Nxf6+ Nxf6 12.e4 O-O 13.Be3 c5 14.dxc5 Bxe4 15.Bxe4 Nxe4
16.Qc2 Nxc5 17.Bxc5 Qc7 18.Rfc1 Rfc8 19.Bxe7 Qxc2 20.Rxc2 Rxc2 21.Bxb4 Rxb2
22.Bc3 Rc2 23.Be1 Rd8 24.a4 f6 25.g4 e5 26.Rb1 Rc4 27.Rb4 Rxb4 28.Bxb4 e4
29.Nd2 Rd4 30.Bc3 e3 31.fxe3 Rxg4+ 32.Kf2 Rxa4 33.e4 Ra3 34.Bb4 Rd3 35.Ke2 Rh3
36.Nf3 Rh5 37.Bd6 Kf7 38.Nd4 a5 39.Kd3 Rh3+ 40.Kc4 Re3 41.Kd5 a4 42.Nb5 g5
43.Kd4 Re2 44.Kd3 Rb2 45.Nc3 a3 46.Bxa3 Rxh2 47.Bd6 Rh3+ 48.Kd4 Ke6 49.Bb8 h5
50.Nd5 Rb3 51.Bc7 h4 52.Ne3 Rb7 53.Bh2 Rb2 54.Bc7 Kd7  0-1

[Event "Toronto1"]
[Site "Toronto"]
[Date "1990.??.??"]
[Round "4"]
[White "Kozul, Zdenko"]
[Black "Tukmakov, Vladimir B"]
[Result "1/2-1/2"]
[WhiteElo "2575"]
[BlackElo "2570"]

1.d4 d5 2.c4 c6 3.Nc3 Nf6 4.e3 e6 5.Nf3 Nbd7 6.Bd3 dxc4 7.Bxc4 b5 8.Bd3 Bb7
9.e4 b4 10.Na4 c5 11.e5 Nd5 12.O-O cxd4 13.Re1 g6 14.Bg5 Be7 15.Bxe7 Qxe7
16.Bb5 O-O 17.Bxd7 Qxd7 18.Nc5 Qe7 19.Qxd4 Rad8 20.Rac1 Nb6 21.Qxb4 Bxf3
22.gxf3 Rd5 23.f4 Rfd8 24.Qa3 Rd2 25.Qc3 Qh4 26.Qg3 Qxg3+ 27.hxg3 Rxb2 28.a4 Ra2
29.a5 Nd5 30.Ra1 Rc2 31.Rec1 Rxc1+ 32.Rxc1 Rc8 33.Nb3 Rxc1+ 34.Nxc1 Kf8 35.Kf1 Ke7
36.Ke2 Kd7 37.Kd3 h5 38.Ne2 Kc6 39.Kc4 Kb7 40.Nc3 Nxc3 41.Kxc3 Kc6 42.Kb4 Kb7
43.Kb5 Kc7 44.Kc5  1/2-1/2

[Event "Toulouse op"]
[Site "Toulouse"]
[Date "1990.??.??"]
[Round "4"]
[White "Pytel, Krzysztof"]
[Black "Lalic, Bogdan"]
[Result "1-0"]
[WhiteElo "2400"]
[BlackElo "2475"]

1.Nf3 d5 2.d4 Nf6 3.c4 e6 4.Nc3 c6 5.e3 Nbd7 6.Bd3 dxc4 7.Bxc4 b5 8.Be2 b4
9.Na4 Bb7 10.O-O c5 11.dxc5 Bxc5 12.Nxc5 Nxc5 13.Bd2 a5 14.a3 Qb6 15.axb4 axb4
16.Rxa8+ Bxa8 17.Ne5 O-O 18.Nc4 Qb7 19.f3 Rd8 20.Qe1 Nd3 21.Qb1 Nc5 22.Rd1 h6
23.Be1 Rd7 24.Rxd7 Ncxd7 25.Qd1 Nd5 26.Qa4 Qc6 27.Qxc6 Bxc6 28.Na5 Ba8 29.e4 N5b6
30.Bxb4 f5 31.exf5 exf5 32.Nc4 Nd5 33.Bd2 Kf7 34.Ne3 Ke6 35.Bc4 Nb6 36.Bb3 Ke5
37.Kf2 g5 38.Bc2 Nxe3 39.Bxe3 Nd5 40.Bc5 h5 41.Ba4 g4 42.Bb5 h4 43.Ba7 h3
44.Bb8+ Kf6 45.gxh3 gxf3 46.Bf1 f4 47.b3 Kg5 48.Kxf3 Ne3+ 49.Kf2 Bd5 50.b4 Nd1+
51.Kg1 Ne3 52.Be2 f3 53.Bd3 Nd1 54.Bg3 Nc3 55.b5 Ne4 56.Bxe4 Bxe4 57.Kf2 Kf5
58.Ke3 Bb7 59.Kd4 Ke6 60.h4  1-0

[Event "Toulouse op"]
[Site "Toulouse"]
[Date "1990.??.??"]
[Round "9"]
[White "Andruet, Gilles"]
[Black "Klaric, Zlatko"]
[Result "0-1"]
[WhiteElo "2355"]
[BlackElo "2400"]

1.d4 d5 2.c4 c6 3.Nc3 Nf6 4.e3 e6 5.Nf3 Bd6 6.Be2 Nbd7 7.O-O Qe7 8.b3 dxc4
9.bxc4 e5 10.a4 O-O 11.Qb3 c5 12.dxe5 Nxe5 13.Bb2 Bg4 14.Nxe5 Bxe5 15.Bxg4 Nxg4
16.h3 Nf6 17.Rae1 Rfd8 18.e4 Rd3 19.Qc2 Bxc3 20.Bxc3 Rad8 21.e5 Nh5 22.Re4 Qg5
23.f4 Qf5 24.Re3 Nxf4 25.e6 fxe6 26.Re5 Nxh3+  0-1

[Event "Toulouse op"]
[Site "Toulouse"]
[Date "1990.??.??"]
[Round "9"]
[White "Kolev, Atanas"]
[Black "Velikov, Petar"]
[Result "1-0"]
[WhiteElo "2425"]
[BlackElo "2495"]

1.d4 d5 2.c4 c6 3.Nf3 Nf6 4.Nc3 e6 5.e3 Nbd7 6.Bd3 Bd6 7.e4 dxe4 8.Nxe4 Nxe4
9.Bxe4 Bb4+ 10.Bd2 Bxd2+ 11.Qxd2 c5 12.O-O O-O 13.Rfd1 Qc7 14.Rac1 Nf6 15.Bb1 b6
16.dxc5 bxc5 17.Qd6 Qxd6 18.Rxd6 Rb8 19.b3 Bb7 20.Ne5 Rfd8 21.Rcd1 Rxd6 22.Rxd6 Kf8
23.f3 Rc8 24.Kf2 Ke7 25.Rd1 h5 26.h4 Rc7 27.Ke3 Ne8 28.g4 hxg4 29.fxg4 Nd6
30.h5 Rc8 31.Kf4 Rc7 32.Rd2 Rc8 33.Bc2 a6 34.Bd1 Rc7 35.Bf3 Bxf3 36.Kxf3 a5
37.Kf4 Rc8 38.g5 f6 39.Ng6+ Kd7 40.gxf6 gxf6 41.h6 Kc6 42.Ne7+  1-0

[Event "Trnava op"]
[Site "Trnava"]
[Date "1990.??.??"]
[Round "4"]
[White "Chabanon, Jean Luc"]
[Black "Pinkas, Karol"]
[Result "1-0"]
[WhiteElo "2390"]
[BlackElo "2390"]

1.d4 d5 2.c4 c6 3.Nf3 Nf6 4.Nc3 e6 5.e3 Nbd7 6.Be2 Bd6 7.O-O O-O 8.b3 Qc7
9.h3 dxc4 10.bxc4 e5 11.Qb3 a6 12.c5 Be7 13.Bc4 exd4 14.exd4 Nh5 15.Re1 Bf6
16.Ng5 Bxg5 17.Bxg5 Ndf6 18.Ne4 Nd5 19.Bxd5 cxd5 20.Nd6 Be6 21.Qf3 h6 22.Bxh6 gxh6
23.Qxh5 Kh7 24.Nf5 Qf4 25.Re5 Rg8 26.Rb1 Rg6 27.Rxe6  1-0

[Event "USA op"]
[Site "USA"]
[Date "1990.??.??"]
[Round "?"]
[White "Reshevsky, Samuel Herman"]
[Black "Donaldson, John W"]
[Result "1/2-1/2"]
[WhiteElo "2430"]
[BlackElo "2400"]

1.d4 d5 2.c4 c6 3.Nc3 Nf6 4.Nf3 e6 5.e3 Nbd7 6.Bd3 dxc4 7.Bxc4 b5 8.Bd3 a6
9.e4 c5 10.e5 cxd4 11.Nxb5 Ng4 12.Nd6+ Bxd6 13.exd6 Qb6 14.Qa4 Rb8 15.h3 Nf6
16.O-O Qxd6 17.b3 Qb4 18.Qxb4 Rxb4 19.Ba3 Rb8 20.Rac1 Bb7 21.Bd6 Ra8 22.Nxd4 Nd5
23.f4 N7f6 24.Nf3 Rd8 25.Ba3 Nxf4 26.Rc7 Bxf3 27.Bxa6 Ra8 28.Rfc1 Be2 29.Rc8+ Rxc8
30.Rxc8+ Kd7 31.Rxh8 Bxa6 32.Rf8 e5 33.Rxf7+ Ke6 34.Rxg7 Bd3 35.Bb2 N6d5
36.Kf2 Bb1 37.Bxe5 Kxe5 38.a4 Bc2 39.a5 Ne6 40.Rb7 Nc5 41.Rb5 Kd4 42.Rb8 Bxb3
43.a6 Nxa6 44.Rxb3 Nc5 45.Rb8 Ke5 46.Kf3 h5 47.Kg3 Ne4+ 48.Kh4 Ndf6 49.g4 hxg4
50.hxg4 Ke6 51.g5  1/2-1/2

[Event "Val Maubuee op"]
[Site "Val Maubuee"]
[Date "1990.??.??"]
[Round "?"]
[White "Nemirovski, Serge"]
[Black "Hector, Jonny"]
[Result "0-1"]
[WhiteElo "2365"]
[BlackElo "2465"]

1.c4 e6 2.Nf3 d5 3.d4 Nf6 4.e3 c6 5.Nc3 Ne4 6.Bd3 f5 7.Ne5 Qh4 8.O-O Bd6
9.f4 Nd7 10.Rf3 O-O 11.Rh3 Qf2+ 12.Kh1 Nxe5 13.dxe5 Bb4 14.Rf3 Qh4 15.Bxe4 dxe4
16.g3 Qe7 17.Rf2 Rd8 18.Rd2 Bd7 19.a3 Bc5 20.Qe2 a5 21.Na4 Ba7 22.b3 b5 23.Nc3 Qc5
24.Rd6 Be8 25.Rd2 a4 26.b4 Qxc4 27.Qxc4 bxc4 28.Nxa4 Rxd2 29.Bxd2 Rd8 30.Ra2 Rd3
31.Kg2 Bh5 32.Kf2 Bd1 33.Nc3 Bb3 34.Rb2 Kf7 35.a4 Ke7 36.a5 Kd7 37.Ke2 Kc8
38.b5 Bc5 39.bxc6 Kc7 40.h3 Kxc6 41.Na2 Ba3 42.Nb4+ Kb5  0-1

[Event "Vienna op"]
[Site "Vienna"]
[Date "1990.??.??"]
[Round "4"]
[White "Dudas, Jan"]
[Black "Hoelzl, Franz"]
[Result "0-1"]
[WhiteElo "2245"]
[BlackElo "2415"]

1.d4 d5 2.c4 e6 3.Nc3 c6 4.e3 Nf6 5.Nf3 Nbd7 6.Bd3 dxc4 7.Bxc4 b5 8.Be2 Bb7
9.O-O a6 10.e4 c5 11.e5 Ng4 12.h3 cxd4 13.Qxd4 Nh6 14.Bxh6 gxh6 15.Rfd1 Rg8
16.Nxb5 axb5 17.Bxb5 Bd5 18.Qe3 Rg6 19.Rxd5 exd5 20.e6 Rxe6 21.Ne5 Bg7 22.Bxd7+ Qxd7
23.Qg3 Rg6 24.Qf4 Ra4 25.Qh2 Qc7 26.Re1 Re4  0-1

[Event "Voskresensk"]
[Site "Voskresensk"]
[Date "1990.??.??"]
[Round "?"]
[White "Miralles, Gilles"]
[Black "Neverov, Valeriy"]
[Result "0-1"]
[WhiteElo "2460"]
[BlackElo "2505"]

1.d4 d5 2.c4 e6 3.Nf3 Nf6 4.Nc3 c6 5.e3 Nbd7 6.Bd3 dxc4 7.Bxc4 b5 8.Bd3 a6
9.e4 c5 10.d5 c4 11.dxe6 fxe6 12.Bc2 Qc7 13.Qe2 Bd6 14.O-O O-O 15.Ng5 Nc5
16.f4 e5 17.Nd5 Nxd5 18.exd5 Nd3 19.fxe5 Bg4 20.Qxg4 Qc5+ 21.Be3 Qxe3+ 22.Kh1 Rxf1+  0-1

[Event "Vrnjacka Banja"]
[Site "Vrnjacka Banja"]
[Date "1990.??.??"]
[Round "5"]
[White "Tosic, Miroslav"]
[Black "Conquest, Stuart"]
[Result "0-1"]
[WhiteElo "2375"]
[BlackElo "2465"]

1.Nf3 Nf6 2.d4 e6 3.c4 d5 4.Nc3 c6 5.e3 Nbd7 6.Qc2 Bd6 7.Be2 O-O 8.O-O Re8
9.Rd1 Qe7 10.a3 e5 11.dxe5 Nxe5 12.cxd5 cxd5 13.Nxd5 Nxd5 14.Rxd5 Nxf3+ 15.Bxf3 Be6
16.Rd4 Be5 17.Rb4 Rac8 18.Qe2 Qc7 19.Bd2 Bc4 20.Qe1 b5 21.a4 Bxh2+ 22.Kh1 Bd6
23.Rxb5 Bxb5 24.axb5 Be5 25.Bc6 Re6 26.Qc1 Qe7 27.f4 Bd6 28.g3 Bc5 29.Bf3 Rh6+
30.Kg2 Qd7 31.Qe1 Rd8 32.Bc1 Qh3+ 33.Kf2 Qh2+ 34.Bg2 Rg6 35.Kf3 Rd1 36.Qc3 Rxg3+
37.Ke2 Rxg2+ 38.Kxd1 Qh5+  0-1

[Event "Washington op"]
[Site "Washington"]
[Date "1990.??.??"]
[Round "?"]
[White "Rohde, Michael A"]
[Black "Shibut, Macon"]
[Result "1-0"]
[WhiteElo "2555"]
[BlackElo "2260"]

1.Nf3 Nf6 2.c4 c6 3.Nc3 d5 4.e3 e6 5.d4 Nbd7 6.Qc2 Bb4 7.Bd3 O-O 8.O-O Qe7
9.a3 Ba5 10.Bd2 dxc4 11.Bxc4 e5 12.Ba2 h6 13.Nh4 Bc7 14.Nf5 Qd8 15.Rad1 exd4
16.exd4 Nb6 17.Rfe1 Bxf5 18.Qxf5 Qxd4 19.g3 Qd7 20.Qf3 Qh3 21.Re7 Nbd7 22.Be3 Bd8
23.Rdxd7 Bxe7 24.Rxe7 Rae8 25.Rxb7 Re5 26.Qg2 Qh5 27.h3 a5 28.g4 Qh4 29.Kh2 Rd8
30.Bxf7+ Kh8 31.Qg3 Qxg3+ 32.Kxg3 Nd7 33.h4 Re7 34.Bg6 Re6 35.Bf5 Rd6 36.g5 hxg5
37.hxg5 g6 38.Ne4 Rd1 39.Bxg6 Ne5 40.Rh7+  1-0

[Event "Hoogovens"]
[Site "Wijk aan Zee"]
[Date "1990.??.??"]
[Round "2"]
[White "Portisch, Lajos"]
[Black "Kuijf, Marinus"]
[Result "0-1"]
[WhiteElo "2605"]
[BlackElo "2490"]

1.d4 d5 2.c4 c6 3.Nf3 Nf6 4.Nc3 e6 5.e3 Nbd7 6.Qc2 Bd6 7.Be2 O-O 8.O-O Re8
9.b3 dxc4 10.Bxc4 h6 11.Rd1 Qe7 12.Bb2 a6 13.Ne4 Nxe4 14.Qxe4 Nf6 15.Qh4 Ba3
16.Bxa3 Qxa3 17.Ne5 Bd7 18.Bf1 Red8 19.Nc4 Qf8 20.Rdc1 Rab8 21.Ne5 Be8 22.f3 Nd7
23.Nd3 Qd6 24.Rd1 Qa3 25.Rdc1 Qd6 26.Qg3 Qxg3 27.hxg3 f6 28.b4 Bg6 29.Nb2 e5
30.dxe5 Nxe5 31.e4 Rd4 32.a3 Bf7 33.Rd1 Rbd8 34.Kf2 Kf8 35.Rxd4 Rxd4 36.Ke3 Rd8
37.Be2 Ke7 38.Rc1 Be6 39.Na4 Nd7 40.f4 Bb3 41.Nb2 Be6 42.a4 f5 43.exf5 Bxf5
44.Rd1 Re8 45.Nc4 Kf6+ 46.Kf3 Rxe2 47.Rd6+ Re6 48.Rxd7 Re4 49.Nd6 Rxb4 50.Rxb7 Rxb7
51.Nxb7 Ke6 52.g4 Bc2 53.f5+ Ke5 54.a5 Bd1+ 55.Ke3 Kd5 56.Nd8 Bxg4 57.Ne6 Bxf5
58.Nc7+ Kd6 59.Nxa6 c5 60.Nb8 Kc7 61.Na6+ Kc6  0-1

[Event "Hoogovens-B"]
[Site "Wijk aan Zee"]
[Date "1990.??.??"]
[Round "3"]
[White "Brenninkmeijer, Joris"]
[Black "Van der Sterren, Paul"]
[Result "1/2-1/2"]
[WhiteElo "2475"]
[BlackElo "2515"]

1.d4 Nf6 2.c4 e6 3.Nf3 d5 4.Nc3 c6 5.e3 Nbd7 6.Bd3 dxc4 7.Bxc4 b5 8.Bd3 Bb7
9.O-O a6 10.e4 c5 11.d5 c4 12.Bc2 Bc5 13.dxe6 fxe6 14.e5 Bxf3 15.Qxf3 Nxe5
16.Qe2 Nd3 17.Bg5 O-O 18.Rad1 Qb6 19.Bxd3 cxd3 20.Rxd3 Bd4 21.Bxf6 Rxf6 22.Ne4 Rf4
23.Kh1 Rc8 24.f3 e5 25.Rdd1 Rf7 26.Qd3 h6 27.Qb3 Rc4 28.f4 exf4 29.Nd2 Rcc7
30.Rxf4 Be5 31.Rf5 Re7 32.Ne4 Qc7 33.Rdf1 Qc4 34.Qxc4 bxc4 35.Rxf7 Rxf7 36.Rxf7 Kxf7
37.Nc3 Ke6 38.Kg1 Kf5 39.Kf2 h5 40.h3 Bxc3 41.bxc3 Ke4 42.Ke2 a5 43.a4 g6
44.h4  1/2-1/2

[Event "Aarhus op"]
[Site "Aarhus"]
[Date "1991.??.??"]
[Round "2"]
[White "Jakobsen, Peter"]
[Black "Novikov, Igor A"]
[Result "0-1"]
[WhiteElo "2330"]
[BlackElo "2545"]

1.d4 d5 2.c4 e6 3.Nc3 c6 4.Nf3 Nf6 5.e3 Nbd7 6.Bd3 dxc4 7.Bxc4 b5 8.Bd3 Bb7
9.O-O b4 10.Ne4 Be7 11.Nxf6+ Nxf6 12.e4 O-O 13.e5 Nd7 14.Be4 Rc8 15.a3 a5
16.axb4 axb4 17.Re1 Re8 18.Be3 Nb6 19.Nd2 Nd5 20.Nb3 Qb6 21.Qd3 h6 22.Rec1 Ra8
23.Qd2 Bf8 24.Nc5 Red8 25.Nxb7 Qxb7 26.Rxa8 Qxa8 27.Bb1 Rc8 28.h4 h5 29.Qe2 g6
30.g4 hxg4 31.Qxg4 Nxe3 32.fxe3 Bh6 33.Kf2 c5 34.Rxc5 Rxc5 35.dxc5 Qa1 36.Qe4 Qxb2+
37.Kf3 Bg7 38.c6 Bxe5 39.h5 gxh5 40.Qh7+ Kf8 41.Qxh5 Qc3 42.Be4 b3 43.Qg5 Bc7
44.Qh6+ Ke8 45.Qg5 b2 46.Qg8+ Ke7 47.Qg5+ Kf8 48.Qh6+ Ke8 49.Qg5 Qh8 50.Kf2 b1=Q
51.Bxb1 Qb2+ 52.Kf3 Qxb1 53.Qg8+ Ke7 54.Qg5+ Kf8 55.Qh6+ Kg8  0-1

[Event "Acasusso op"]
[Site "Acasusso"]
[Date "1991.??.??"]
[Round "7"]
[White "Del Rey, Diego"]
[Black "Benko, Francisco"]
[Result "0-1"]
[WhiteElo "2225"]
[BlackElo "2260"]

1.d4 Nf6 2.Nf3 e6 3.c4 d5 4.Nc3 c6 5.e3 Nbd7 6.Qc2 dxc4 7.Bxc4 b5 8.Bd3 a6
9.a4 b4 10.Ne4 Bb7 11.Bd2 a5 12.O-O Be7 13.Nc5 Nxc5 14.dxc5 Qd5 15.Rac1 Rd8
16.Be2 O-O 17.Rfd1 Qe4 18.Nd4 Rxd4 19.exd4 Qxe2 20.Re1 Qg4 21.Be3 Ba6 22.h3 Qg6
23.Qxg6 hxg6 24.Red1 Nd5 25.Rd2 Rd8 26.g3 g5 27.Kg2 f5  0-1

[Event "Altensteig"]
[Site "Altensteig"]
[Date "1991.??.??"]
[Round "8"]
[White "Schlosser, Philipp"]
[Black "Chernin, Alexander"]
[Result "1/2-1/2"]
[WhiteElo "2485"]
[BlackElo "2605"]

1.Nf3 d5 2.c4 c6 3.e3 Nf6 4.Nc3 e6 5.d4 Nbd7 6.Qc2 a6 7.b3 Bd6 8.Bb2 O-O
9.Be2 dxc4 10.bxc4 c5 11.d5 exd5 12.Nxd5 Nxd5 13.cxd5 Qe7 14.O-O Re8 15.Bd3 Nf6
16.e4 Nxe4 17.Rae1 f5 18.Nd2 Qh4 19.g3 Qh6 20.Bc1 Qg6 21.Nxe4  1/2-1/2

[Event "Anapa"]
[Site "Anapa"]
[Date "1991.??.??"]
[Round "?"]
[White "Sher, Miron N"]
[Black "Sveshnikov, Evgeny"]
[Result "1-0"]
[WhiteElo "2450"]
[BlackElo "2540"]

1.c4 e6 2.Nc3 d5 3.d4 c6 4.e3 Nf6 5.Nf3 Nbd7 6.Qc2 Bd6 7.Be2 O-O 8.O-O Re8
9.h3 Qe7 10.Bd2 b6 11.e4 dxe4 12.Nxe4 Nxe4 13.Qxe4 Bb7 14.Bc3 Nf6 15.Qe3 c5
16.Ne5 Ne4 17.dxc5 Bxc5 18.Bd4 Bxd4 19.Qxd4 f6 20.Nf3 e5 21.Qe3 f5 22.a4 f4
23.Qa3 Nc5 24.Rfd1 e4 25.Ne1 Qg5 26.b4 Nd3 27.Bxd3 exd3 28.f3 Re2 29.Qxd3 Rae8
30.Kf1 R2e7 31.Nc2 Rc8 32.Rac1 a5 33.b5 Rec7 34.Ne1 Re7 35.Nc2 Qg3 36.Re1 Rec7
37.Na1 Rc5 38.Qd7 h5 39.Qxb7 Rf8 40.Qxb6 Rff5 41.Re8+ Kh7 42.Qe6 Qh2 43.Qg8+ Kh6
44.Re6+ Kg5 45.Qxg7+ Kh4 46.Rh6 Rg5 47.Rxh5+  1-0

[Event "Anapa"]
[Site "Anapa"]
[Date "1991.??.??"]
[Round "?"]
[White "Chatalbashev, Boris"]
[Black "Doroshkievich, Vladimir K"]
[Result "0-1"]
[WhiteElo "2390"]
[BlackElo "2350"]

1.d4 d5 2.c4 e6 3.Nc3 c6 4.e3 Nf6 5.Nf3 Nbd7 6.Bd3 dxc4 7.Bxc4 b5 8.Bd3 Bb7
9.e4 b4 10.Na4 c5 11.e5 Nd5 12.O-O cxd4 13.Nxd4 Nxe5 14.Bb5+ Nd7 15.Re1 Rc8
16.f4 Be7 17.f5 O-O 18.fxe6 Nc5 19.Nxc5 Bxc5 20.Kh1 Nf6 21.exf7+ Rxf7 22.Be3 Qd5
23.Bf1 Rd7 24.Nc2 Qe5 25.Bc4+ Kh8 26.Qe2 Bd6  0-1

[Event "Anapa"]
[Site "Anapa"]
[Date "1991.??.??"]
[Round "?"]
[White "Sherbakov, Ruslan"]
[Black "Sveshnikov, Evgeny"]
[Result "1-0"]
[WhiteElo "2525"]
[BlackElo "2540"]

1.d4 d5 2.c4 e6 3.Nc3 c6 4.e3 Nf6 5.Nf3 Nbd7 6.Bd3 dxc4 7.Bxc4 b5 8.Bd3 b4
9.Ne4 c5 10.O-O Bb7 11.Nxf6+ gxf6 12.e4 cxd4 13.Nxd4 Bc5 14.Be3 Bb6 15.Qh5 Ne5
16.Bb5+ Ke7 17.Rfd1 Qg8 18.f4 Bxe4 19.Qe2 Ng4 20.Nc6+ Bxc6 21.Bxb6 axb6 22.Bxc6 Rc8
23.Qa6 f5 24.Qxb6 Kf6 25.Bf3 Rc4 26.h3 h5 27.Rd4 Qc8 28.hxg4 hxg4 29.Bb7 Rc1+
30.Rd1 Rxd1+ 31.Rxd1 Qc2 32.Qd4+ Kg6 33.Rd2 Qc1+ 34.Rd1 Qc2 35.Rf1 Rb8 36.Ba6 b3
37.a4 Qc7 38.Qf2 Rd8 39.Bb5 Qa5 40.Qh4 Qa7+ 41.Qf2 Qa5 42.Qe3 Rd2 43.Bc4 Qd8
44.Re1 Qd6 45.Qxb3 Qxf4 46.Qe3 Qd6 47.b3 f4 48.Qe4+ Kf6 49.Be2 Kg5 50.Kf1 f5
51.Qc4 Qe5 52.Bxg4 Qh8 53.Bh3 Qh4 54.Qc5 Kh5 55.Qa7 Qf6 56.Qh7+ Kg5 57.Qg8+ Kh4
58.Kg1 f3 59.Re4+ Kh5 60.g4+ Kh4 61.gxf5+  1-0

[Event "JUG-Cup qual"]
[Site "Arandjelovac"]
[Date "1991.??.??"]
[Round "1"]
[White "Drasko, Milan"]
[Black "Djukic, Zeljko"]
[Result "1/2-1/2"]
[WhiteElo "2500"]
[BlackElo "2420"]

1.d4 Nf6 2.Nf3 d5 3.c4 c6 4.Nc3 e6 5.e3 Nbd7 6.Bd3 dxc4 7.Bxc4 b5 8.Bb3 b4
9.Ne2 Bd6 10.O-O O-O 11.Nf4 Ba6 12.Re1 e5  1/2-1/2

[Event "JUG-Cup qual"]
[Site "Arandjelovac"]
[Date "1991.??.??"]
[Round "2"]
[White "Tosic, Miroslav"]
[Black "Jovcic, Milan"]
[Result "1/2-1/2"]
[WhiteElo "2455"]
[BlackElo "2310"]

1.d4 d5 2.c4 e6 3.Nc3 c6 4.Nf3 Nf6 5.e3 Nbd7 6.Qc2 Bd6 7.Be2 O-O 8.O-O dxc4
9.Bxc4 e5 10.a3 Qe7 11.h3 h6 12.Ba2 Re8 13.Nh4 Nf8 14.Nf5 Bxf5 15.Qxf5 Rad8
16.Rd1 Bb8 17.dxe5 Rxd1+ 18.Nxd1 Rd8 19.Nc3 Qxe5 20.Qxe5 Bxe5 21.Kf1 Bxc3
22.bxc3 Ne4 23.Bb3 Nxc3 24.Bb2 Ne4 25.Kg1 Rd2 26.Bd4 c5 27.Be5 b5 28.f3 Nd7
29.Bc7 c4 30.Bxc4 bxc4 31.fxe4 c3 32.Ba5 Rc2 33.Rd1 Nc5 34.Rd8+ Kh7 35.Rc8 Nxe4
36.Rc7 f5 37.Kh2 h5 38.h4 a6 39.Bb4 Kg8 40.Bc5 Nxc5 41.Rxc5 g6 42.Rc6 Kf7
43.Rxa6 Re2 44.Rc6 Rxe3 45.a4 Re4 46.g3 Rxa4 47.Rxc3  1/2-1/2

[Event "JUG-Cup qual"]
[Site "Arandjelovac"]
[Date "1991.??.??"]
[Round "4"]
[White "Rajkovic, Dusan"]
[Black "Barlov, Dragan"]
[Result "1/2-1/2"]
[WhiteElo "2495"]
[BlackElo "2505"]

1.d4 d5 2.c4 c6 3.Nf3 Nf6 4.Nc3 e6 5.e3 Nbd7 6.Bd3 Bd6 7.O-O O-O 8.b3 Qe7
9.Bb2 Re8 10.Bc2 Ba3 11.Bxa3 Qxa3  1/2-1/2

[Event "Augsburg"]
[Site "Augsburg"]
[Date "1991.??.??"]
[Round "8"]
[White "Klebel, Martin"]
[Black "Majorovas, Vitalijus"]
[Result "1/2-1/2"]
[WhiteElo "2435"]
[BlackElo "2450"]

1.d4 d5 2.c4 e6 3.Nf3 Nf6 4.Nc3 c6 5.e3 Nbd7 6.Qc2 Bd6 7.b3 O-O 8.Be2 dxc4
9.bxc4 e5 10.O-O Re8 11.Bb2 exd4 12.exd4 Nf8 13.Rad1 Bg4 14.Ne5 Bxe2 15.Nxe2 Qc7
16.Nf3 b5 17.Ng3 Bxg3 18.hxg3 bxc4 19.Qxc4 Nd5 20.Rc1 Rac8 21.Ba3 Nd7 22.Rfe1 Rxe1+  1/2-1/2

[Event "URS Spartakiada (Women)"]
[Site "Azov"]
[Date "1991.??.??"]
[Round "1"]
[White "Mamedova, Rena"]
[Black "Florova, Olga"]
[Result "0-1"]
[WhiteElo "2070"]
[BlackElo "2165"]

1.d4 d5 2.c4 e6 3.Nc3 c6 4.Nf3 Nf6 5.e3 a6 6.Be2 Nbd7 7.O-O Bd6 8.b3 O-O
9.Bb2 Qe7 10.Qc2 dxc4 11.Bxc4 e5 12.Rfe1 e4 13.Nd2 Re8 14.Nf1 Nb6 15.Be2 Bf5
16.f4 Rad8 17.Ng3 Bc8 18.Rac1 Nbd5 19.Nxd5 Nxd5 20.Nf1 Bf5 21.Bc4 Nb4 22.Qb1 b5
23.Be2 c5 24.Qa1 f6 25.a4 cxd4 26.Bxd4 Bd7 27.Red1 Rc8 28.axb5 Bxb5 29.Bxb5 axb5
30.Qa7 Qe6 31.Nd2 Nc2 32.Qb6 Nxd4 33.Qxd4 f5 34.Rxc8 Rxc8 35.Nxe4 fxe4 36.Qxd6 Qxb3
37.Qd5+ Qxd5 38.Rxd5 Rb8 39.Kf2 b4 40.Ke1 b3 41.Rd1 Kf7 42.Rb1 Ke6 43.Kd2 Rd8+
44.Kc3 Rd3+ 45.Kc4 Rxe3 46.Kd4 Re2 47.Rxb3 Kf5 48.g3 Rxh2 49.Rb5+ Kg4 50.Kxe4 h6
51.Rb7 g5 52.Rh7 Re2+ 53.Kd3 Re6 54.Rg7 Ra6 55.fxg5 hxg5 56.Ke2 Rf6 57.Re7 Kxg3
58.Ke1 g4 59.Re4 Kh3 60.Re3+ g3 61.Re7 g2 62.Rh7+ Kg3  0-1

[Event "GER-ch"]
[Site "Bad Neuenahr"]
[Date "1991.??.??"]
[Round "15"]
[White "Volke, Karsten"]
[Black "Serrer, Christoph"]
[Result "1-0"]
[WhiteElo "2395"]
[BlackElo "2305"]

1.d4 d5 2.c4 c6 3.Nc3 e6 4.e3 Nf6 5.Nf3 Nbd7 6.Bd3 Bd6 7.O-O O-O 8.e4 Nxe4
9.Nxe4 dxe4 10.Bxe4 h6 11.Bc2 e5 12.Re1 Bb4 13.Bd2 Bxd2 14.Qxd2 exd4 15.Qxd4 Nf6
16.Qf4 Re8 17.Rxe8+ Qxe8 18.Re1 Qd8 19.Rd1 Qe8 20.Ne5 Be6 21.Qd4 Qe7 22.f4 c5
23.Qd3 g6 24.Qe3 Re8 25.Re1 Qd6 26.Rd1 Qe7 27.Qg3 Nh5 28.Qf2 Nf6 29.h3 Nd7
30.Ba4 Nxe5 31.Bxe8 Nxc4 32.Bb5 Nb6 33.b3 a6 34.Bf1 Bd5 35.b4 Bc6 36.Qxc5 Qxc5+
37.bxc5 Nd7 38.Rc1 Kf8 39.g3 Ke7 40.Bg2 Nb8 41.Bxc6 Nxc6 42.Rb1 Nd8 43.Rb6 Kd7
44.g4 Kc7 45.Rf6  1-0

[Event "Bad Woerishofen op"]
[Site "Bad Woerishofen"]
[Date "1991.??.??"]
[Round "2"]
[White "De Boer, Gert Jan"]
[Black "Kamp, Christoph"]
[Result "1-0"]
[WhiteElo "2420"]
[BlackElo "2240"]

1.d4 e6 2.c4 d5 3.Nc3 c6 4.e3 Nf6 5.Nf3 Nbd7 6.Qc2 Bd6 7.Be2 O-O 8.O-O dxc4
9.Bxc4 e5 10.Bb3 Qc7 11.Bd2 Nb6 12.dxe5 Bxe5 13.Nxe5 Qxe5 14.f4 Qe7 15.e4 Be6
16.Rae1 Rad8 17.e5 Bxb3 18.axb3 Nfd5 19.Ne4 Nd7 20.Nd6 Rb8 21.Kh1 f6 22.Nf5 Qc5
23.Qd3 Rfe8 24.Qg3 g6 25.e6 Nf8 26.Nh6+ Kg7 27.f5 Qd4 28.fxg6 Qxd2 29.Nf5+  1-0